Science Quiz

Random Science Quiz
Score 0/9 Timer 20:00
0 Plays Today
Hint Answer % Correct
Myorrhaphy Surgical suturing of a muscle
90.5%
FascioplastySurgical repair of fascia
85.7%
TenotomySurgical incision of a tendon
81%
FasciotomySurgical incision through fascia
42.9%
Myotomy Surgical incision into a muscle
33.3%
ElectromyographyMeasures electrical activity within muscle
19%
TenodesisSurgical suturing of the end of a tendon to a bone
19%
TenorrhaphySurgical suturing of the ends of a tendon
9.5%
TenolysisRelease of a tendon affected by adhesions
4.8%

You're not logged in!

Compare scores with friends on all Sporcle quizzes.
OR
Log In

Sporcle TV

Today on Sporcle TV


Watch our educational content, quiz creation guides, and fun videos on Sporcle TV.

Show Comments

Extras

Created Sep 21, 2019ReportNominate
Tags:describe, description, Term

Top Quizzes Today


Score Distribution

Paid Content

Your Account Isn't Verified!

In order to create a playlist on Sporcle, you need to verify the email address you used during registration. Go to your Sporcle Settings to finish the process.

Report this User

Report this user for behavior that violates our Community Guidelines.

Details: